Wood and cellulosic chemistry / (Record no. 14694)

MARC details
000 -LEADER
fixed length control field 01137cam a2200301 a 4500
001 - CONTROL NUMBER
control field 12116524
003 - CONTROL NUMBER IDENTIFIER
control field OSt
005 - DATE AND TIME OF LATEST TRANSACTION
control field 20211025140541.0
008 - FIXED-LENGTH DATA ELEMENTS--GENERAL INFORMATION
fixed length control field 000722s2001 nyua b 001 0 eng
010 ## - LIBRARY OF CONGRESS CONTROL NUMBER
LC control number 00060173
020 ## - INTERNATIONAL STANDARD BOOK NUMBER
International Standard Book Number 0824700244 (alk. paper)
040 ## - CATALOGING SOURCE
Original cataloging agency DLC
Transcribing agency hu
Modifying agency DLC
050 00 - LIBRARY OF CONGRESS CALL NUMBER
Classification number QD323
Item number .W66 2001
082 00 - DEWEY DECIMAL CLASSIFICATION NUMBER
Classification number 572/.56682
Edition number 21
245 00 - TITLE STATEMENT
Title Wood and cellulosic chemistry /
Statement of responsibility, etc. edited by David N.-S. Hon, Nobuo Shiraishi.
250 ## - EDITION STATEMENT
Edition statement 2nd ed., rev. and expanded.
260 ## - PUBLICATION, DISTRIBUTION, ETC.
Place of publication, distribution, etc. New York :
Name of publisher, distributor, etc. Marcel Dekker,
Date of publication, distribution, etc. c2001.
300 ## - PHYSICAL DESCRIPTION
Extent viii, 914 p. :
Other physical details ill. ;
Dimensions 26 cm.
504 ## - BIBLIOGRAPHY, ETC. NOTE
Bibliography, etc. note Includes bibliographical references and index.
650 #0 - SUBJECT ADDED ENTRY--TOPICAL TERM
Topical term or geographic name entry element Cellulose.
9 (RLIN) 15318
650 #0 - SUBJECT ADDED ENTRY--TOPICAL TERM
Topical term or geographic name entry element Wood
General subdivision Chemistry.
9 (RLIN) 15319
700 1# - ADDED ENTRY--PERSONAL NAME
Personal name Hon, David N.-S.
9 (RLIN) 15320
700 1# - ADDED ENTRY--PERSONAL NAME
Personal name Shiraishi, Nobuo,
Dates associated with a name 1936-
9 (RLIN) 15321
856 42 - ELECTRONIC LOCATION AND ACCESS
Materials specified Publisher description
Uniform Resource Identifier <a href="http://www.loc.gov/catdir/enhancements/fy0647/00060173-d.html">http://www.loc.gov/catdir/enhancements/fy0647/00060173-d.html</a>
906 ## - LOCAL DATA ELEMENT F, LDF (RLIN)
a 7
b cbc
c orignew
d 1
e ocip
f 20
g y-gencatlg
942 ## - ADDED ENTRY ELEMENTS (KOHA)
Source of classification or shelving scheme Dewey Decimal Classification
Koha item type Books like text book referance book
Suppress in OPAC No
Holdings
Withdrawn status Lost status Source of classification or shelving scheme Damaged status Not for loan Collection code Home library Current library Shelving location Date acquired Total Checkouts Full call number Barcode Date last seen Copy number Price effective from Koha item type
    Dewey Decimal Classification     Non-fiction Wondo Genet Library Wondo Genet Library General Stacks 10/25/2021   572.56682 HON 2001 WGCFNRL00003547 10/25/2021 1 10/25/2021 Books like text book referance book
    Dewey Decimal Classification     Non-fiction Wondo Genet Library Wondo Genet Library General Stacks 10/25/2021   572.56682 HON 2001 WGCFNRL00003548 10/25/2021 2 10/25/2021 Books like text book referance book
    Dewey Decimal Classification     Reference Wondo Genet Library Wondo Genet Library General Stacks 03/22/2022   572.56682 WOO 2000 WGCFNRL00014291 03/22/2022 3 03/22/2022 Books like text book referance book